Statistics for Harry Potter - The Rap PART 2 Lyrics

Click here to take the quiz!

General Stats

  • This quiz has been taken 13 times
  • The average score is 169 of 386

Answer Stats

Answer% Correct
You
83%
you?
83%
you
83%
a
67%
at
67%
can
67%
(daisies)
67%
daisies
67%
Do
67%
Harry
67%
I
67%
me?
67%
me
67%
on
67%
Potter.
67%
Potter?
67%
Sunshine
67%
(Sunshine)
67%
the
67%
(the)
67%
to
67%
To
67%
was
67%
your
67%
(and)
50%
and
50%
are
50%
Are
50%
(beard!)
50%
(Beard!)
50%
(Beard)
50%
doing
50%
don't
50%
down.
50%
Dumbledore?
50%
Dumbledore
50%
Good
50%
good,
50%
Goyle.
50%
have
50%
he
50%
his
50%
I'm
50%
is
50%
it.
50%
it
50%
it?
50%
it's
50%
know,
50%
Merlin
50%
night?
50%
not
50%
of
50%
one
50%
that
50%
thing
50%
this?
50%
this
50%
up.
50%
Well,
50%
Well?
50%
What!
50%
What
50%
when
50%
worst
50%
You're
50%
abnormally
33%
absolutely
33%
all
33%
always
33%
arrive
33%
as
33%
attacks.
33%
bit
33%
business.
33%
butter
33%
(butter)
33%
case
33%
cat.
33%
Class.
33%
club.
33%
compliments
33%
corridors
33%
countless
33%
Daily
33%
Dark
33%
(dark)
33%
Defence
33%
(defence)
33%
defend
33%
done
33%
dueling
33%
ever
33%
everybody
33%
fat
33%
Father
33%
(force)
33%
Force
33%
gather
33%
Gilderoy
33%
granted
33%
happened
33%
has
33%
hasn't
33%
hear
33%
here
33%
hole.
33%
Honorary
33%
hush
33%
In
33%
insolent
33%
Introduce.
33%
just
33%
keep
33%
large
33%
(league)
33%
League.
33%
Let
33%
little
33%
Lockhart,
33%
(mellow)
33%
mellow
33%
mellow.
33%
member
33%
(Merlin's)
33%
Messrs
33%
(Messrs)
33%
mind
33%
(Moony)
33%
Moony
33%
myself
33%
need
33%
ninth
33%
nose
33%
occasions
33%
Oculus
33%
offer
33%
oh
33%
Open
33%
Order
33%
other
33%
out
33%
(Padfoot)
33%
Padfoot
33%
parchment.
33%
people's
33%
permission
33%
place.
33%
pockets.
33%
Professor
33%
(Prongs)
33%
Prongs
33%
Prongs,
33%
Prophet
33%
rat
33%
Read
33%
real
33%
Really?
33%
Reparo.
33%
report
33%
request
33%
Reveal
33%
right.
33%
round
33%
said
33%
secrets.
33%
sit
33%
Snape!
33%
Snape,
33%
so
33%
someone
33%
Spare
33%
spell?
33%
start
33%
stupid
33%
suppose
33%
suprised
33%
sure
33%
than
33%
that's
33%
their
33%
there's
33%
these
33%
they
33%
think
33%
Third
33%
train
33%
trying
33%
turn
33%
Turn
33%
very
33%
wandering
33%
What's
33%
who's
33%
Why
33%
Wormtail
33%
(Wormtail)
33%
worse
33%
wrong!
33%
yellow.
33%
yourselves
33%

Score Distribution

Percentile by Number Answered

Percent of People with Each Score

Your Score History

You have not taken this quiz